000 00261nam a2200097Ia 4500
001 1048374
005 20250826232253.0
008 250824s9999 xx 000 0 und d
245 0 _aMÜMKÜN ÖYKÜLERİN EN İYİSİ
_cAYKUT ERTUĞRUL
260 _bKETEBE YAYINLARI
999 _c1048374
_d1048374